000 00420nam a22001697a 4500
003 MPLRDC
005 20220104143139.0
008 210129b ||||| |||| 00| 0 eng d
082 _a621.73 QRY
100 _a瞿蜕园选译
245 _a左传选译
_c
250 _a第一版
260 _a
_b香港今代图书公司
_c1958
300 _b
650 _a中国断代史--春秋左传
942 _cBK
_o621.73 QRY
999 _c37082
_d37072